| 000 | 00896nam a2200205 a 4500 | ||
|---|---|---|---|
| 001 | 000033977 | ||
| 005 | 20200930070654.0 | ||
| 008 | 110919s1627 sp 000 0 spa d | ||
| 040 |
_aDO-SdBNP _bspa _cBNPHU |
||
| 041 | 1 | 7 |
_aspa _hlat |
| 100 | 1 |
_aSeneca, Lucius Annaeus, _dca. 4 B.C.-65 A.D. _959436 |
|
| 245 | 1 | 0 |
_aSiete libros / _cde L. A. Seneca ; traducidos por P. Frz. Navarrete. |
| 246 | 3 | 3 | _aSiete libros de la sabiduría |
| 260 |
_aMadrid : _bImprenta Real, _c1627. |
||
| 500 | _aTexto en castellano | ||
| 505 | 0 |
_aContenido: _tDe la divina providencia. -- _tDe la vida bienaventurada. -- _tDe la tranquilidad del ánimo. -- _tDe la constancia del sabio, y que en él no puede caer injuria. -- _tDe la brevedad de la vida. -- _tDe consolación. -- _tDe la pobreza. |
|
| 650 | 2 | 4 |
_aFilosofía estoica _959437 |
| 650 | 2 | 4 |
_aEstoicismo _938182 |
| 700 | 1 |
_aFernández Navarrete, Pedro, _etrad. _959438 |
|
| 999 |
_c33468 _d33468 |
||